Á lódáil...
Vikas ki prakriya /
| Príomhúdar: | |
|---|---|
| Formáid: | Printed Book |
| Teanga: | Hindi |
| Foilsithe: |
Athmaram and Sons ,
1968.
|
| LEADER | 00398nam a2200133Ia 4500 | ||
|---|---|---|---|
| 008 | 150624b xxu||||| |||| 00| | hin d | ||
| 100 | |a Huxley, Julian | ||
| 245 | |c Julian Huxley |a Vikas ki prakriya / | ||
| 260 | |b Athmaram and Sons , |c 1968. | ||
| 300 | |a 159 p. | ||
| 546 | |a In Hindi. | ||
| 942 | |c BK | ||
| 999 | |c 88976 |d 88976 | ||
| 952 | |0 1 |1 0 |4 0 |7 0 |9 88920 |a UL |b UL |c ST1 |d 1998-09-15 |l 0 |p 22919 |r 2012-10-27 |w 2012-10-27 |y BK | ||